MARC

LEADER 00000nam0a2200000 4500
001 373772
005 20231102012609.0
035 |a (RuTPU)RU\TPU\retro\31202 
035 |a RU\TPU\book\310394 
090 |a 373772 
100 |a 20221216d1985 d y0rusy50 ca 
101 0 |a rus 
102 |a RU 
105 |a a z 000ay 
200 1 |a Еловые дрова и мороженые маслята  |e повести и рассказы  |f А. Онегов  |g А. Лебедев 
210 |a Москва  |c Детская литература  |d 1985 
215 |a 206 с.  |c ил. 
606 1 |a Русская литература современная  |2 stltpush  |3 (RuTPU)RU\TPU\subj\26373  |9 50316 
610 1 |a художественная литература 
610 1 |a советская литература 
610 1 |a детская литература 
610 1 |a рассказы 
610 1 |a повести 
610 1 |a леса 
610 1 |a природа 
610 1 |a животные 
610 1 |a птицы 
675 |a Р2  |v 3 
700 1 |a Онегов  |b А.  |g Анатолий  |4 070 
702 1 |a Лебедев  |b А.  |4 040 
801 1 |a RU  |b 63413507  |c 20150303 
801 2 |a RU  |b 63413507  |c 20221216  |g RCR 
942 |c BK